000 00471nam a22001811a 4500
020 _a9788188934010
082 _a294.521 1
_bHAR/I
100 _aHaripriya Rangarajan
245 _aImages of Varahi:
_ban iconographic study/
_cby Haripriya Rangarajan
260 _aNew Delhi:
_bSharada,
_c2004.
300 _a234+99 illu.
650 _aGoddess Varahi
650 _aIcons Varahi
650 _aMother Goddess
650 _aHinduism
650 _aReligion
942 _cBK
999 _c19099
_d19099